All FIFA|EA FC Icons & Heroes of all time 🇫🇷 - Statistics

General Stats
  • This quiz has been taken 25 times
  • The average score is 11 of 22
Answer Stats
Position Player Released % Correct
CAM Zinedine Zidane FIFA 20
92%
ST Thierry Henry FIFA 18
88%
CDM Claude Makélélé FIFA 19
75%
CB Laurent Blanc FIFA 15
75%
CB Marcel Desailly FIFA 14
75%
CM Patrick Vieira FIFA 14
71%
CDM Emmanuel Petit FIFA 17
67%
LW Franck Ribéry FC 24
67%
LW David Ginola FIFA 22
58%
ST David Trezeguet FIFA 19
58%
RB Lilan Thuram FC 25
58%
LB Bixante Lizarazu FC 24
50%
ST Robert Pirès FIFA 14
50%
ST Éric Cantona FIFA 21
46%
ST Jean-Pierre Papin FIFA 23
46%
CDM Blaise Matuidi FC 25
38%
LM Ludovic Giuly FC 24
29%
ST Sidney Govou FIFA 23
25%
CM Camille Abily FC 24
21%
ST Marinette Pichon FC 25
21%
LB Sonia Bompastor FC 24
21%
CB Laura George FC 25
13%
No matching quizzes found
Score Distribution
Percent of People with Each Score
Percentile by Number Answered
Your Score History
You have not taken this quiz